Denuncias desde arriba y desde abajo /
Spremljeno u:
| Glavni autor: | |
|---|---|
| Format: | Tekst |
| Oznake: |
Dodaj oznaku
Bez oznaka, Budi prvi tko označuje ovaj zapis!
|
MARC
| LEADER | 00000 a a2200000 04500 | ||
|---|---|---|---|
| 001 | 46020 | ||
| 003 | |||
| 040 | |a CRAI/IIS |c CRAI/IIS | ||
| 100 | |a Cuadra, Scarlet | ||
| 245 | |a Denuncias desde arriba y desde abajo / |c Scarlet Cuadra | ||
| 773 | |g volumen16, número401 (1996), páginas 8-9 | ||
| 999 | |c 18560 |d 18560 | ||
